书目信息 |
| 题名: |
社交礼仪与形体训练
|
|
| 作者: | 杨萍 , 詹荣菊 主编 | |
| 分册: | ||
| 出版信息: | 北京 中国科学技术出版社 2007 |
|
| 页数: | 283页 | |
| 开本: | 23cm | |
| 丛书名: | ||
| 单 册: | ||
| 中图分类: | C912.1 , G831.3 | |
| 科图分类: | ||
| 主题词: | 人间交往--礼仪--教材 , 健身运动--教材 , 人间交往 , 礼仪 , 健身运动 | |
| 电子资源: | ||
| ISBN: | 978-7-5046-4678-1 | |
| 000 | 00936nam0 2200301 450 | |
| 001 | 1262435594 | |
| 005 | 20121003172130.90 | |
| 010 | @a978-7-5046-4678-1@dCNY28.00 | |
| 100 | @a20080102d2007 em y0chiy50 ea | |
| 101 | 0 | @achi |
| 102 | @aCN@b110000 | |
| 105 | @aa z 000yy | |
| 200 | 1 | @a社交礼仪与形体训练@Ashe jiao li yi yu xing ti xun lian@f杨萍,詹荣菊主编 |
| 210 | @a北京@c中国科学技术出版社@d2007 | |
| 215 | @a283页@c图@d23cm | |
| 300 | @a新概念旅游规划教材 | |
| 330 | @a本书主要内容包括:社交礼仪概述、仪表美、日常交往礼仪、实务礼仪、三姿训练、美容化妆、形体舞蹈训练、社交舞蹈以及健美操等。 | |
| 606 | 0 | @a人间交往@x礼仪@j教材 |
| 606 | 0 | @a健身运动@j教材 |
| 606 | 0 | @a人间交往 |
| 606 | 0 | @a礼仪 |
| 606 | 0 | @a健身运动 |
| 690 | @aC912.1@v4 | |
| 690 | @aG831.3@v4 | |
| 701 | 0 | @a杨萍@Ayang ping@4主编 |
| 701 | 0 | @a詹荣菊@Azhan rong ju@4主编 |
| 801 | 0 | @aCN@bNLC@c20101222 |
| 905 | @a10447@dC912.1@eJY390 | |
| 社交礼仪与形体训练/杨萍,詹荣菊主编.-北京:中国科学技术出版社,2007 |
| 283页:图;23cm |
| 新概念旅游规划教材 |
| ISBN 978-7-5046-4678-1:CNY28.00 |
| 本书主要内容包括:社交礼仪概述、仪表美、日常交往礼仪、实务礼仪、三姿训练、美容化妆、形体舞蹈训练、社交舞蹈以及健美操等。 |
| ● |
| 相关链接 |
|
|
|
|
正题名:社交礼仪与形体训练
索取号:C912.1/JY390
 
预约/预借
| 序号 | 登录号 | 条形码 | 馆藏地/架位号 | 状态 | 备注 |
| 1 | 7811027 | 278110278 | 学院路分馆/ [索取号:C912.1/JY390] | 在馆 | |
| 2 | 7811028 | 278110287 | 学院路分馆/ [索取号:C912.1/JY390] | 在馆 | |
| 3 | 7811029 | 278110296 | 学院路分馆/ [索取号:C912.1/JY390] | 在馆 | |
| 4 | 7811030 | 278110303 | 学院路分馆/ [索取号:C912.1/JY390] | 在馆 |